LEADER 01111nam0-22003611i-450- 001 990007028040403321 005 20081022132200.0 010 $a88-8265-167-3 035 $a000702804 035 $aFED01000702804 035 $a(Aleph)000702804FED01 035 $a000702804 100 $a20020111d2001----km-y0itay50------ba 101 0 $aita 102 $aIT 105 $aaf------001yy 200 1 $aAd Gallinas Albas$eVilla di Livia$fa cura di Gaetano Messineo$gcontributi di L. Calvelli ... [et al.] 210 $aRoma$cL'Erma di Bretschneider$dc2001 215 $a234 p.$cill.$d29 cm$e5 fogli di tavole 225 1 $aBullettino della Commissione archeologica comunale di Roma$iSupplementi$v8 610 0 $aRoma$aScavi archeologici$aVilla di Livia 676 $a728.8 702 1$aMessineo,$bGaetano 702 1$aCalvelli,$bLorenzo 801 0$aIT$bUNINA$gRICA$2UNIMARC 901 $aBK 912 $a990007028040403321 952 $a728.8 MES 1$bBibl.41662$fFLFBC 952 $a04.277$b7033$fDARST 959 $aFLFBC 959 $aDARST 996 $aAd Gallinas Albas$9697737 997 $aUNINA LEADER 00870nam0-22003011i-450 001 990001157640403321 005 20190516125719.0 035 $a000115764 035 $aFED01000115764 035 $a(Aleph)000115764FED01 035 $a000115764 100 $a20000920d1972----km-y0itay50------ba 101 0 $aeng 102 $aUS 200 1 $aRealizability theory for continuous linear systems$fA. H. Zemanian 210 $aNew York [etc.]$cAcademic Press$d1972 225 1 $aMathematics in science and engineering$v97 700 1$aZemanian,$bArmen H.$013591 801 0$aIT$bUNINA$gRICA$2UNIMARC 901 $aBK 912 $a990001157640403321 952 $aC-26-(97$b13273$fMA1 952 $a02 55 B 5$b1504$fFINBN 959 $aFINBN 959 $aMA1 996 $aRealizability Theory for Continuous Linear Systems$9346961 997 $aUNINA DB $aING01 LEADER 00884nam0-22003131i-450 001 990005562610203316 005 20200816154940.0 035 $a000556261 035 $aUSA01000556261 035 $a(ALEPH)000556261USA01 100 $a20110520d1969----km y1itay5003----ba 101 0 $aita 102 $aIT 200 1 $a<>Humanae vitae$finchiesta a cura di F. V. Joannes$gin appendice il testo dell'enciclica 210 $a[Milano]$cMondadori$d1969 215 $a515 p.$d20 cm 225 2 $aInchieste IDOC$v1 410 1$12001$aInchieste IDOC$v1 606 0 $aMorale cristiana$2BNCF 676 $a241 700 1$aJOANNES,$bFernando Vittorino$0211471 702 0$aPAULUS VI$c 801 0$aIT$bSOL$c20120104 912 $a990005562610203316 951 $a200 241 JOA$b445 DISES 959 $aBK 969 $aDISES 996 $aHumanae vitae$91131498 997 $aUNISA LEADER 00878nam a2200265 i 4500 001 991000876039707536 005 20020507102641.0 008 960326s1982 it ||| | ita 020 $a8870561038 035 $ab10142101-39ule_inst 035 $aLE00638415$9ExL 040 $aDip.to Fisica$bita 084 $a001.6 084 $a621.3.8.3 100 1 $aZaks, Rodnay$012246 245 10$aCP/M con MP/M /$cRodnay Zaks 260 $aMilano :$bGruppo Editoriale Jackson,$c1982 300 $aix, 309 p. :$bill. ;$c21 cm. 650 4$aElaboratori elettronici-Sistema operativo CP/M 907 $a.b10142101$b21-09-06$c27-06-02 912 $a991000876039707536 945 $aLE006 621.3.8 ZAK$g1$i2006000051149$lle006$o-$pE0.00$q-$rl$s- $t0$u0$v0$w0$x0$y.i10169003$z27-06-02 996 $aCP$9187084 997 $aUNISALENTO 998 $ale006$b01-01-96$cm$da $e-$fita$git $h0$i1 LEADER 03245oam 2200601 c 450 001 9910842044503321 005 20260302090207.0 010 $a9783839411636 010 $a3839411637 024 7 $a10.14361/9783839411636 035 $a(CKB)3710000000439658 035 $a(EBL)4347553 035 $a(SSID)ssj0001588785 035 $a(PQKBManifestationID)16274860 035 $a(PQKBTitleCode)TC0001588785 035 $a(PQKBWorkID)13131608 035 $a(PQKB)10368778 035 $a(MiAaPQ)EBC4347553 035 $a(DE-B1597)455891 035 $a(OCoLC)1013947300 035 $a(OCoLC)931866431 035 $a(DE-B1597)9783839411636 035 $a(transcript Verlag)9783839411636 035 $a(Perlego)1462237 035 $a(EXLCZ)993710000000439658 100 $a20260302d2015 uy 0 101 0 $ager 135 $aur|n|---||||| 181 $ctxt 182 $cc 183 $acr 200 14$aDer andere Austin$eZur Rekonstruktion/Dekonstruktion performativer Äußerungen - von Searle über Derrida zu Cavell und darüber hinaus$fEckard Rolf 205 $a1st ed. 210 $aBielefeld$ctranscript Verlag$d2015 215 $a1 online resource (259 p.) 225 0 $aEdition Moderne Postmoderne 300 $aDescription based upon print version of record. 311 08$a9783837611632 311 08$a3837611639 320 $aIncludes bibliographical references. 327 $aFrontmatter 1 Inhalt 5 Einleitung 9 Die Rekonstruktion der performativen Äußerungen 15 Intermezzo: Wie Performative funktionieren - die Linguistik des Explizitgemachten 103 Epilog 241 Literatur 247 Backmatter 256 330 $aJohn L. Austin, der Hauptvertreter der »Ordinary Language Philosophy« und Begründer der Sprechakttheorie, hätte die von ihm eingeführte, dann aber verworfene Unterscheidung zwischen performativen und konstativen Äußerungen nach Meinung bestimmter Kritiker beibehalten sollen. Autorinnen und Autoren wie Jacques Derrida, Shoshana Felman, Judith Butler, Geoffrey Warnock, François Recanati oder Stanley Cavell halten an dem Konzept der Performativität fest. Sie verteidigen Austin gegen seine eigenen Revisionen. Diese Verteidigungen des »anderen Austin« haben zu wesentlichen Vertiefungen seiner Einsichten geführt. Das Buch zeigt: Wie Performative funktionieren, weiß man erst jetzt. 410 0$aEdition Moderne Postmoderne. 606 $aOrdinary Language Philosophy; Sprechakttheorie; Austin; Performativität; Searle-Derrida-Kontroverse; Sprache; Sprachphilosophie; Analytische Philosophie; Philosophiegeschichte; Philosophie; Language; Philosophy of Language; Analytical Philosophy; History of Philosophy; Philosophy; 615 4$aOrdinary Language Philosophy; Sprechakttheorie; Austin; Performativität; Searle-Derrida-Kontroverse; Sprache; Sprachphilosophie; Analytische Philosophie; Philosophiegeschichte; Philosophie; Language; Philosophy of Language; Analytical Philosophy; History of Philosophy; Philosophy; 676 $a306.44 700 $aRolf$b Eckard$4aut$0690655 801 0$bDE-B1597 801 1$bDE-B1597 906 $aBOOK 912 $a9910842044503321 996 $aDer andere Austin$93670361 997 $aUNINA